[Event "34th Chess Olympiad (men)"]
[Site "Istanbul"]
[Date "2000.11.02"]
[Round "6.30.1"]
[White "Baburin, Alexander"]
[Black "Sarsam, Abdulla"]
[WhiteElo "2590"]
[BlackElo "2423"]
[WhiteCountry "IRL"]
[BlackCountry "IRQ"]
[Result "1-0"]

1. d4 Nf6 2. c4 e6 3. Nc3 d5 4. cxd5 exd5 5. Bg5 Be7 6. e3 c6 7. Qc2 Bg4 
8. Bd3 Bh5 9. Nge2 Bg6 10. f3 Na6 11. a3 Bxd3 12. Qxd3 Nh5 13. Bxe7 Qxe7 
14. e4 Nf6 15. e5 Nd7 16. f4 Nc7 17. O-O f6 18. Ng3 fxe5 19. fxe5 g6 
20. b4 O-O-O 21. Nge2 Kb8 22. Nf4 Nb6 23. b5 c5 24. a4 Nc4 25. a5 Nb2 
26. Qg3 g5 27. b6 gxf4 28. bxc7+ Qxc7 29. Qxf4 a6 30. e6 Rhe8 31. Qxc7+ Kxc7 
32. Rf7+ Kc6 33. Rb1 cxd4 34. Ne2 Nc4 35. Nxd4+ Kc5 36. e7 Rb8 37. Ne6+ Kc6 
38. Ng7 Nd6 39. Rf6 Kd7 40. Nxe8 Rxe8 41. Rb6 
1-0

[Event "34th Chess Olympiad (men)"]
[Site "Istanbul"]
[Date "2000.11.02"]
[Round "6.30.2"]
[White "Hussein, N.A."]
[Black "Quinn, Mark"]
[WhiteElo "2368"]
[BlackElo "2381"]
[WhiteCountry "IRQ"]
[BlackCountry "IRL"]
[Result "1-0"]

1. e4 c5 2. b3 Nc6 3. Bb2 e5 4. f4 d6 5. Nf3 exf4 6. Bb5 Ne7 7. O-O Rg8 
8. Nc3 a6 9. Bc4 g5 10. Nd5 Nxd5 11. exd5 Ne7 12. Re1 Bg7 13. d4 h6 14. Qc1 Qc7 
15. Kh1 b5 16. dxc5 bxc4 17. cxd6 Bxb2 18. dxc7 Bxc1 19. Raxc1 c3 20. d6 Be6 
21. Rcd1 Kd7 22. Ne5+ Kc8 23. Nxf7 Bxf7 24. Rxe7 Be8 25. d7+ Bxd7 26. Rdxd7 Kb7 
27. Kg1 Rac8 28. Kf2 Rg6 29. Kf3 Rc6 30. h4 gxh4 31. Kxf4 Rg6 32. Rg7 Rf8+ 
33. Ke3 Rxg7 34. Rxg7 Rf1 35. Kd3 Rg1 36. Rg4 Kxc7 37. Rxh4 Rxg2 38. Rxh6 Rg3+ 
39. Kc4 Kb7 40. Rd6 
1-0

[Event "34th Chess Olympiad (men)"]
[Site "Istanbul"]
[Date "2000.11.02"]
[Round "6.30.3"]
[White "Heidenfeld, Mark"]
[Black "Araz, Mohammad"]
[WhiteElo "2375"]
[BlackElo "2286"]
[WhiteCountry "IRL"]
[BlackCountry "IRQ"]
[Result "1/2-1/2"]

1. e4 e5 2. Nf3 Nf6 3. Nc3 Bb4 4. Bc4 O-O 5. O-O Bxc3 6. dxc3 Nxe4 7. Nxe5 c6 
8. Re1 d5 9. Rxe4 dxc4 10. Rd4 Qe7 11. Bf4 c5 12. Rd2 Be6 13. Qe2 g5 14. Bg3 f5 
15. Nf3 Re8 16. Bd6 Qg7 17. Bxc5 Bf7 18. Qf1 Nc6 19. Rd7 b6 20. Bd4 Qg6 
21. Rd1 Nb8 22. Rc7 Nc6 23. Nxg5 Nxd4 24. Nxf7 Ne2+ 25. Kh1 Re6 26. Nd8 Re4 
27. Rd2 Qh6 28. Rxe2 Rxe2 29. Rd7 Qh5 30. Qd1 Qe8 31. Qd5+ Kh8 32. Nf7+ Qxf7 
33. Qxa8+ Qg8 34. Qxg8+ Kxg8 35. h3 Rxc2 36. Kg1 Rxb2 37. Rxa7 Rc2 38. Ra6 Rc1+ 
39. Kh2 Rxc3 40. Rxb6 Ra3 41. Rb5 f4 42. Rf5 f3 43. g4 c3 44. Kg3 Rxa2 
45. Rc5 Rc2 46. Rc7 Rc1 47. Kxf3 c2 48. Kg2 Kf8 49. h4 Ke8 50. h5 Kd8 
51. Rc3 h6 52. Kf3 Ke7 53. Kf4 Ke6 54. Rc8 Kd7 55. Rc4 Ke6 56. Rc3 Kd5 
57. Kf5 Kd4 58. Rc8 Kd3 59. Rd8+ Ke2 60. Rc8 Kd3 61. Rd8+ 
1/2-1/2

[Event "34th Chess Olympiad (men)"]
[Site "Istanbul"]
[Date "2000.11.02"]
[Round "6.30.4"]
[White "Aziz, Ahmad"]
[Black "Collins, Sam"]
[WhiteElo "2323"]
[BlackElo "2172"]
[WhiteCountry "IRQ"]
[BlackCountry "IRL"]
[Result "1/2-1/2"]

1. e4 c5 2. Nf3 e6 3. d4 cxd4 4. Nxd4 Nf6 5. Nc3 d6 6. Be2 Nc6 7. Be3 Be7 
8. O-O Bd7 9. Ndb5 Qb8 10. a4 O-O 11. f4 Re8 12. Kh1 Bf8 13. a5 Be7 14. Bf3 e5 
15. Nd5 Nxd5 16. exd5 Nxa5 17. Rxa5 b6 18. Rxa7 Bxb5 19. Rxa8 Qxa8 20. Re1 e4 
21. Be2 Bxe2 22. Rxe2 b5 23. c3 Bf6 24. Rd2 Qa2 25. Qe2 
1/2-1/2

[Event "34th Chess Olympiad (men)"]
[Site "Istanbul"]
[Date "2000.11.02"]
[Round "6.31.1"]
[White "Rytshagov, Mikhail"]
[Black "Simutowe, Amon"]
[WhiteElo "2529"]
[BlackElo "2322"]
[WhiteCountry "EST"]
[BlackCountry "ZAM"]
[Result "1-0"]

1. e4 c5 2. Nf3 d6 3. d4 cxd4 4. Nxd4 Nf6 5. Nc3 a6 6. Be2 Nc6 7. Be3 g6 
8. Qd2 Bg7 9. O-O-O Ng4 10. Bxg4 Bxg4 11. f3 Bd7 12. Nxc6 bxc6 13. Bd4 f6 
14. g4 Qa5 15. g5 O-O 16. gxf6 Rxf6 17. Bxf6 Bxf6 18. f4 Be6 19. a3 Rb8 
20. Qe3 g5 21. e5 dxe5 22. fxg5 Bg7 23. Qa7 Re8 24. Ne4 Bf5 25. Rhe1 Qa4 
26. Qc5 h6 27. b3 Qb5 28. gxh6 Bxh6+ 29. Kb2 Bf4 30. Qc3 Kf7 31. Nc5 Bg4 
32. a4 Qb8 33. Qc4+ e6 34. Rd7+ Re7 35. Nxa6 Qh8 36. Rxe7+ Kxe7 37. Nc5 Qxh2 
38. Ne4 Qh4 39. Qc5+ Kf7 40. Rg1 Bh2 41. Rf1+ Bf5 42. Qxc6 Bf4 43. Qd7+ Qe7 
44. Nd6+ Kf6 45. Qxe7+ Kxe7 46. Nxf5+ exf5 47. Kc3 Ke6 48. Rxf4 Kd5 
1-0

[Event "34th Chess Olympiad (men)"]
[Site "Istanbul"]
[Date "2000.11.02"]
[Round "6.32.1"]
[White "Rahman, Ziaur"]
[Black "Zulfugarli, Magomed"]
[WhiteElo "2421"]
[BlackElo "2510"]
[WhiteCountry "BAN"]
[BlackCountry "AZE"]
[Result "1-0"]

1. Nf3 d5 2. d4 Nf6 3. c4 e6 4. g3 c5 5. Bg2 Nc6 6. O-O Be7 7. dxc5 Bxc5 
8. a3 O-O 9. b4 Be7 10. Bb2 Re8 11. Nbd2 b6 12. cxd5 Nxd5 13. e4 Nf6 
14. Rc1 Bb7 15. Qa4 Qd7 16. Rfd1 Rec8 17. Nc4 Qe8 18. Bxf6 gxf6 19. Nd6 Bxd6 
20. Rxd6 Kf8 21. Qd1 Ne5 22. Nxe5 fxe5 23. h4 Ke7 24. Rd3 f6 25. Kh2 Rxc1 
26. Qxc1 Rd8 27. Rc3 Rc8 28. Rxc8 Qxc8 29. Qh6 Qg8 30. a4 a5 31. Qe3 Qd8 
32. bxa5 bxa5 33. Qc5+ Kf7 34. Qa7 Qa8 35. Qb6 Bxe4 36. Qc7+ Kg8 37. Bh3 Qe8 
38. Qxa5 Bc6 39. Qa6 Qd7 40. Qc4 Bd5 41. Qg4+ Kf8 42. Qb4+ Kf7 43. a5 f5 
44. Qd2 Qa4 45. Bxf5 Qc4 46. Bd3 Qd4 47. Qe2 Qa1 48. f3 Qxa5 49. Bxh7 Qc3 
50. Be4 Kf6 51. Kg2 Qc1 52. Qc2 Qe1 53. Bxd5 exd5 54. Qc6+ 
1-0

[Event "34th Chess Olympiad (men)"]
[Site "Istanbul"]
[Date "2000.11.02"]
[Round "6.32.2"]
[White "Maherramzade, Javad"]
[Black "Hossain, Rajib"]
[WhiteElo "2433"]
[BlackElo "2314"]
[WhiteCountry "AZE"]
[BlackCountry "BAN"]
[Result "1/2-1/2"]

1. d4 Nf6 2. Nf3 g6 3. c4 Bg7 4. g3 O-O 5. Bg2 d5 6. cxd5 Nxd5 7. O-O Nb6 
8. Nc3 Nc6 9. d5 Na5 10. Qc2 Nxd5 11. Rd1 c6 12. Ne1 Bd7 13. Nxd5 cxd5 
14. Rxd5 e6 15. Rd3 Rc8 16. Qd1 Rc7 17. Bf4 e5 18. Rc1 exf4 19. Rxc7 Qxc7 
20. Rxd7 Qb6 21. b3 fxg3 22. hxg3 Bf6 23. Qd5 Qb4 24. Nf3 Nc6 25. e4 Qc3 
26. Rxb7 Nd4 27. e5 Nxf3+ 28. Bxf3 Bxe5 29. Kg2 Bd4 30. Qc4 Qd2 31. Qe2 Qg5 
32. Rd7 Rd8 33. Rxd8+ 
1/2-1/2

[Event "34th Chess Olympiad (men)"]
[Site "Istanbul"]
[Date "2000.11.02"]
[Round "6.32.3"]
[White "Uddin, Saif"]
[Black "Mirzoev, Azer"]
[WhiteElo "2267"]
[BlackElo "2414"]
[WhiteCountry "BAN"]
[BlackCountry "AZE"]
[Result "0-1"]

1. Nf3 Nf6 2. b3 d5 3. Bb2 Bg4 4. e3 Nbd7 5. c4 e6 6. Be2 Bd6 7. d3 O-O 
8. Nbd2 c6 9. O-O e5 10. cxd5 cxd5 11. e4 Re8 12. Re1 Rc8 13. h3 Bh5 14. g4 Bg6 
15. g5 Nh5 16. Bf1 Nf4 17. Rc1 Nc5 18. Rxc5 Rxc5 19. b4 Rc8 20. a3 Bc7 
21. Qb3 Qd7 22. Kh2 dxe4 23. Nxe4 Bh5 24. Ng1 Bb6 25. h4 Qg4 
0-1

[Event "34th Chess Olympiad (men)"]
[Site "Istanbul"]
[Date "2000.11.02"]
[Round "6.33.1"]
[White "Hatanbaatar, Bazar"]
[Black "Kastanieda, Georgiy"]
[WhiteElo "2507"]
[BlackElo "2457"]
[WhiteCountry "MGL"]
[BlackCountry "PER"]
[Result "0-1"]

1. e4 e6 2. d3 d5 3. Nd2 Nf6 4. Ngf3 Nc6 5. g3 dxe4 6. dxe4 Bc5 7. Bg2 e5 
8. O-O O-O 9. Qe2 a5 10. Nc4 Qe8 11. a4 b6 12. Bg5 Ba6 13. Bxf6 Qe6 14. b3 Qxf6 
15. c3 g6 16. Rad1 Rad8 17. Rd5 Ne7 18. Rd2 Rxd2 19. Nfxd2 Rd8 20. Kh1 Qe6 
21. f4 exf4 22. gxf4 Nf5 23. Rf3 Nh4 24. Bh3 Rxd2 25. Qxd2 Qxe4 26. Bg2 Nxf3 
0-1

[Event "34th Chess Olympiad (men)"]
[Site "Istanbul"]
[Date "2000.11.02"]
[Round "6.33.4"]
[White "Ramos, Ernesto"]
[Black "Altanoch, Genden"]
[WhiteElo "2298"]
[BlackElo "2281"]
[WhiteCountry "PER"]
[BlackCountry "MGL"]
[Result "0-1"]

1. d4 d5 2. Nf3 c6 3. e3 Bg4 4. c4 e6 5. h3 Bh5 6. Be2 Nd7 7. b3 f5 8. a4 Ngf6 
9. O-O Ne4 10. Ne5 Bxe2 11. Qxe2 Nxe5 12. dxe5 Qc7 13. Bb2 Bb4 14. Qc2 O-O 
15. Nc3 Bxc3 16. Bxc3 Rfd8 17. Rfd1 dxc4 18. bxc4 Rxd1+ 19. Rxd1 Rd8 20. Rd4 c5 
21. Rxd8+ Qxd8 22. Be1 Ng5 23. f3 Nf7 24. Bc3 Qc7 25. e4 f4 26. Qd2 g5 
27. h4 h6 28. hxg5 hxg5 29. Qb2 Qd7 30. Qc2 Kg7 31. g3 fxg3 32. Kg2 Kg6 
33. Kxg3 Qd8 34. Qb1 b6 35. Qf1 Qh8 36. Qh3 Qxh3+ 37. Kxh3 Kh5 38. Kg3 Nd8 
39. Kh3 Nc6 40. Kg3 Nb4 41. Bd2 Nd3 42. Bc3 Nf4 43. Bd2 Ne2+ 44. Kf2 Nd4 
45. Kg3 Nc6 46. Bc3 a6 47. Kh3 Nb4 48. Kg3 Nc2 49. a5 bxa5 50. Bxa5 Na3 
51. Bb6 Nxc4 52. Bxc5 a5 53. Kf2 a4 54. Ke2 Nxe5 55. Bd4 Ng6 56. Bc5 Kh4 
57. Bd6 Kh3 58. Kf2 Nf4 59. Be7 Kh4 60. Bd6 Kh5 61. Ke3 Ng6 62. Kf2 Kh4 
63. Kg2 Nh8 64. Be7 Nf7 65. Kh2 Kh5 66. Kg3 Ne5 67. Bf6 Nc4 68. Bc3 a3 
69. f4 gxf4+ 70. Kxf4 a2 71. Kf3 Na5 72. Kf4 Kg6 73. Ke3 Nb3 74. Kd3 Kg5 
75. Kc2 a1Q 
0-1

[Event "34th Chess Olympiad (men)"]
[Site "Istanbul"]
[Date "2000.11.02"]
[Round "6.35.1"]
[White "Mas, Hafizul Hilmi"]
[Black "Al-Modiahki, Mohamad"]
[WhiteElo "2441"]
[BlackElo "2499"]
[WhiteCountry "MAS"]
[BlackCountry "QAT"]
[Result "1/2-1/2"]

1. e4 c5 2. f4 d5 3. exd5 Nf6 4. Bb5+ Bd7 5. Bxd7+ Qxd7 6. c4 e6 7. Qe2 Bd6 
8. d3 O-O 9. dxe6 fxe6 10. Nf3 Nc6 11. O-O e5 12. f5 Qxf5 13. Nc3 Qh5 
14. Ne4 Nxe4 15. Qxe4 Nd4 16. Qd5+ Kh8 17. Qxd6 Ne2+ 18. Kh1 Ng3+ 19. Kg1 Ne2+ 
20. Kh1 Ng3+ 21. Kg1 Nxf1 22. Kxf1 Qxh2 23. Be3 Qh1+ 24. Bg1 Rf6 25. Qxe5 Raf8 
26. Qh2 Rxf3+ 27. gxf3 Qxf3+ 28. Bf2 h6 29. Re1 Qxd3+ 30. Kg1 Rf6 31. Qb8+ Kh7 
32. Qe5 Qg6+ 33. Kf1 Qd3+ 34. Kg1 Qg6+ 35. Qg3 Qc2 36. Qe3 Rg6+ 37. Kf1 Qxc4+ 
38. Qe2 Qxa2 39. Qc2 b6 40. Re3 Qa1+ 41. Ke2 Qa6+ 42. Kd2 Qa5+ 43. Ke2 
1/2-1/2

[Event "34th Chess Olympiad (men)"]
[Site "Istanbul"]
[Date "2000.11.02"]
[Round "6.35.3"]
[White "Ismail, Ahmad"]
[Black "Abdulgha Four, Yousef"]
[WhiteElo "2068"]
[BlackElo "2052"]
[WhiteCountry "MAS"]
[BlackCountry "QAT"]
[Result "1/2-1/2"]

1. d4 d5 2. Nf3 Nf6 3. g3 Bf5 4. Bg2 e6 5. O-O Nbd7 6. c4 c5 7. cxd5 Nxd5 
8. dxc5 Bxc5 9. Nbd2 Bg6 10. Nh4 N7f6 11. e4 Nb6 12. Nxg6 hxg6 13. e5 Nfd5 
14. Ne4 Be7 15. Qb3 O-O 16. f4 Qc7 17. Bd2 Qc4 18. Qf3 Qd4+ 19. Kh1 Qxb2 
1/2-1/2

[Event "34th Chess Olympiad (men)"]
[Site "Istanbul"]
[Date "2000.11.02"]
[Round "6.35.4"]
[White "Nezad, Husein Aziz"]
[Black "Chuah, Jin Hai Jonath"]
[WhiteElo "2066"]
[BlackElo "2180"]
[WhiteCountry "QAT"]
[BlackCountry "MAS"]
[Result "1/2-1/2"]

1. e4 c5 2. c3 d6 3. d4 cxd4 4. cxd4 Nf6 5. Nc3 e6 6. Nf3 Be7 7. Bd3 a6 
8. O-O b5 9. Qe2 Bb7 10. Bg5 b4 11. Na4 Nbd7 12. Rfe1 h6 13. Bd2 d5 
14. exd5 Nxd5 15. Ne5 Nxe5 16. dxe5 Bc6 17. b3 Bg5 18. Be4 
1/2-1/2

[Event "34th Chess Olympiad (men)"]
[Site "Istanbul"]
[Date "2000.11.02"]
[Round "6.36.1"]
[White "Dervishi, Erald"]
[Black "Kotronias, Vasilios"]
[WhiteElo "2478"]
[BlackElo "2539"]
[WhiteCountry "ALB"]
[BlackCountry "CYP"]
[Result "1/2-1/2"]

1. e4 c5 2. Nf3 Nc6 3. d4 cxd4 4. Nxd4 Nf6 5. Nc3 d6 6. Bc4 Qb6 7. Nb3 e6 
8. Bf4 Ne5 9. Be2 a6 10. a4 Bd7 11. Be3 Qc7 12. f4 Nc4 13. Bxc4 Qxc4 
14. Qd3 Rc8 15. a5 h5 16. h3 h4 17. O-O Be7 18. Bd4 Qxd3 19. cxd3 Nh5 
20. Be3 Ng3 21. Rfc1 f5 22. Kh2 O-O 23. Nd2 fxe4 24. dxe4 Bf6 25. Nf3 Bc6 
26. e5 dxe5 27. fxe5 Be7 28. Nd4 Nf5 29. Nxc6 Rxc6 30. Bf2 Bg5 31. Re1 Bf4+ 
32. Kg1 Bg3 33. Ra4 Rd8 34. Bxg3 hxg3 35. Kf1 Rd2 36. Re2 Rxe2 37. Kxe2 Rc5 
38. Kf3 Rxe5 39. Rb4 Rxa5 40. Ke4 
1/2-1/2

[Event "34th Chess Olympiad (men)"]
[Site "Istanbul"]
[Date "2000.11.02"]
[Round "6.36.2"]
[White "Antoniou, Antonis"]
[Black "Adhami, Vangiel"]
[WhiteElo "2246"]
[BlackElo "2310"]
[WhiteCountry "CYP"]
[BlackCountry "ALB"]
[Result "1/2-1/2"]

1. e4 c5 2. Nf3 g6 3. d4 Bg7 4. Nc3 Qa5 5. Be2 Nc6 6. d5 Nd4 7. Bd2 Nxe2 
8. Qxe2 d6 9. e5 dxe5 10. Nxe5 Nf6 11. d6 Qd8 12. Qb5+ Kf8 13. dxe7+ Qxe7 
14. O-O-O Be6 15. Be3 Rc8 16. Rhe1 h6 
1/2-1/2

[Event "34th Chess Olympiad (men)"]
[Site "Istanbul"]
[Date "2000.11.02"]
[Round "6.36.3"]
[White "Pustina, Ylvi"]
[Black "Clerides, Paraskevas"]
[WhiteElo "2286"]
[BlackElo "2226"]
[WhiteCountry "ALB"]
[BlackCountry "CYP"]
[Result "1/2-1/2"]

1. d4 Nf6 2. c4 g6 3. Nc3 Bg7 4. e4 d6 5. f3 O-O 6. Be3 e5 7. d5 c6 8. g4 cxd5 
9. cxd5 a6 10. Qd2 b5 11. Bd3 Nbd7 12. a3 Nc5 13. Bc2 Bb7 14. Nge2 Rc8 
15. Ng3 Rc7 16. O-O 
1/2-1/2

[Event "34th Chess Olympiad (men)"]
[Site "Istanbul"]
[Date "2000.11.02"]
[Round "6.36.4"]
[White "Lazari, Stelios"]
[Black "Sula, Zegir"]
[WhiteElo "2000"]
[BlackElo "2348"]
[WhiteCountry "CYP"]
[BlackCountry "ALB"]
[Result "0-1"]

1. d4 Nf6 2. c4 e6 3. Nf3 b6 4. Bg5 Bb4+ 5. Nc3 Bxc3+ 6. bxc3 Bb7 7. d5 d6 
8. e3 h6 9. Bh4 e5 10. Be2 Nbd7 11. Nd2 Qe7 12. f3 g5 13. Bf2 Nf8 14. Qc2 Bc8 
15. a4 a5 16. Bd3 Rg8 17. h3 N6d7 18. Ne4 Ng6 19. Ng3 Nh4 20. Rh2 Nc5 
21. Bh7 Rf8 22. Nf5 Nxf5 23. Bxf5 Bxf5 24. Qxf5 e4 25. Kf1 Qe5 26. Qxe5+ dxe5 
27. Bg3 f6 28. h4 Ke7 29. hxg5 hxg5 30. Ke2 Rh8 31. Ra2 Rxh2 32. Bxh2 Rh8 
33. Bg3 Rh1 34. Bf2 Kd6 35. fxe4 Nxe4 36. Kd3 f5 37. Re2 Rc1 38. Be1 
0-1

[Event "34th Chess Olympiad (men)"]
[Site "Istanbul"]
[Date "2000.11.02"]
[Round "6.37.1"]
[White "Matamoros, Franco Carlos S"]
[Black "Onkoud, Abdelaziz"]
[WhiteElo "2467"]
[BlackElo "2309"]
[WhiteCountry "ECU"]
[BlackCountry "MAR"]
[Result "1-0"]

1. c4 e5 2. g3 Nc6 3. Bg2 g6 4. Nc3 Bg7 5. e4 Nge7 6. Nge2 d6 7. d3 Be6 
8. Nd5 O-O 9. O-O Qd7 10. Be3 f5 11. Qd2 Kh8 12. Rac1 Ng8 13. b4 Nf6 14. b5 Nd8 
15. Nxf6 Bxf6 16. exf5 Bxf5 17. d4 Bh3 18. dxe5 Bxg2 19. Kxg2 Bxe5 20. Bd4 Qf5 
21. f4 Bf6 22. Bxf6+ Qxf6 23. Nd4 Ne6 24. Nxe6 Qxe6 25. Rfe1 Qf6 26. Rc3 Rfe8 
27. Rce3 Rxe3 28. Qxe3 a6 29. bxa6 Rxa6 30. Qe8+ Kg7 31. Re7+ Kh6 32. Rf7 Rxa2+ 
33. Kh3 Ra8 34. Qd7 Qh8 35. Qe7 Ra5 36. g4 Qc3+ 37. Kh4 Qe1+ 38. Qxe1 
1-0

[Event "34th Chess Olympiad (men)"]
[Site "Istanbul"]
[Date "2000.11.02"]
[Round "6.37.2"]
[White "Bintafrit, Sameer"]
[Black "Bastidas, Rodriguez Emilio Jos"]
[WhiteElo "2285"]
[BlackElo "2334"]
[WhiteCountry "MAR"]
[BlackCountry "ECU"]
[Result "0-1"]

1. e4 c5 2. Nf3 d6 3. d4 cxd4 4. Nxd4 Nf6 5. Nc3 a6 6. Bc4 e6 7. Bb3 b5 
8. Qe2 Bb7 9. O-O Nbd7 10. Bxe6 fxe6 11. Nxe6 Qc8 12. Nd5 Nxd5 13. exd5 Ne5 
14. f4 Bxd5 15. Nxf8 Bc4 16. Qe4 Bxf1 17. Ne6 Ra7 18. Nd4 Bc4 19. fxe5 O-O 
20. Be3 Raf7 21. h3 dxe5 22. Qxe5 Re8 23. Qg3 Rf6 24. Re1 Bd5 25. Bg5 Rxe1+ 
26. Qxe1 Rf7 27. Qe5 Qc4 28. b3 Qf1+ 
0-1

[Event "34th Chess Olympiad (men)"]
[Site "Istanbul"]
[Date "2000.11.02"]
[Round "6.37.3"]
[White "Mera, Cedeno Angel"]
[Black "Mokhils, Eladnani"]
[WhiteElo "2376"]
[BlackElo "2000"]
[WhiteCountry "ECU"]
[BlackCountry "MAR"]
[Result "1-0"]

1. d4 Nf6 2. c4 g6 3. Nf3 Bg7 4. g3 O-O 5. Bg2 d6 6. O-O Nc6 7. d5 Na5 
8. Nfd2 c5 9. a3 b6 10. b4 cxb4 11. axb4 Nb7 12. Bb2 a5 13. Nc3 Bd7 14. Qb3 Qc7 
15. Na4 axb4 16. Qxb4 Bxa4 17. Rxa4 Nxd5 18. Bxd5 Rxa4 19. Qxa4 Bxb2 
20. Qa7 Rb8 21. Rb1 Bd4 22. e3 Bc5 23. Ne4 Qc8 24. Ng5 Kg7 25. Qa1+ f6 
26. Ne6+ Kh8 27. Qa7 
1-0

[Event "34th Chess Olympiad (men)"]
[Site "Istanbul"]
[Date "2000.11.02"]
[Round "6.38.1"]
[White "Roselli, Mailhe Bernardo"]
[Black "Johannessen, Leif Erlend"]
[WhiteElo "2400"]
[BlackElo "2422"]
[WhiteCountry "URU"]
[BlackCountry "NOR"]
[Result "1-0"]

1. e4 c5 2. Nc3 e6 3. g3 Nc6 4. Bg2 g6 5. d3 Bg7 6. Be3 d6 7. f4 Nge7 
8. Nf3 O-O 9. O-O b6 10. d4 Bb7 11. dxc5 dxc5 12. Qe2 Na5 13. e5 Nd5 
14. Bd2 Nb4 15. Nb5 Bd5 16. Nd6 Nb7 17. c4 Bc6 18. a3 Nxd6 19. axb4 Nf5 
20. Bc3 h5 21. bxc5 bxc5 22. Ra5 Qb6 23. Qf2 Rfc8 24. Rfa1 Bf8 25. h3 Rd8 
26. Ra6 Qb7 27. Rxc6 Qxc6 28. g4 hxg4 29. hxg4 Nh6 30. Ng5 Qc8 31. Ne4 Nxg4 
32. Qh4 Nh6 33. Nf6+ Kg7 34. f5 Rb8 35. fxg6 Qc7 36. Nh5+ Kg8 37. g7 Bxg7 
38. Nxg7 Kxg7 39. Qf6+ Kg8 40. Qg5+ Kf8 41. Ba5 
1-0

[Event "34th Chess Olympiad (men)"]
[Site "Istanbul"]
[Date "2000.11.02"]
[Round "6.38.2"]
[White "Lie, Kjetil A"]
[Black "Crosa, Martin"]
[WhiteElo "2284"]
[BlackElo "2242"]
[WhiteCountry "NOR"]
[BlackCountry "URU"]
[Result "1/2-1/2"]

1. c4 Nf6 2. Nc3 g6 3. e4 d6 4. g3 Bg7 5. Bg2 O-O 6. Nge2 e5 7. O-O Be6 
8. d3 Qd7 9. f4 c6 10. b3 exf4 11. Nxf4 Nxe4 12. Nxe4 Bxa1 13. d4 f5 
14. Ng5 Bf7 15. Ne2 Re8 16. Re1 Qe7 17. Nf3 Qf8 18. Ba3 Rxe2 19. Rxe2 Bc3 
20. Qc1 Ba5 21. Qf4 Bc7 22. g4 Na6 23. gxf5 Re8 24. Rf2 gxf5 25. Bh3 Bg6 
26. Rg2 Qe7 27. Bxf5 Rf8 28. Qe4 Qxe4 29. Bxe4 Rf6 30. Nh4 Bb6 31. Bb2 Kf7 
32. Nxg6 hxg6 33. Rg4 Nc5 34. Bc2 Ne6 35. b4 d5 36. c5 Bc7 37. Bc1 Nf4 
38. Be3 Ne2+ 39. Kg2 Nf4+ 40. Kg1 Ne2+ 41. Kg2 Nf4+ 42. Kg1 Ne2+ 43. Kg2 
1/2-1/2

[Event "34th Chess Olympiad (men)"]
[Site "Istanbul"]
[Date "2000.11.02"]
[Round "6.38.4"]
[White "Gabrielsen, Stig"]
[Black "Carvalho, Guillermo"]
[WhiteElo "2305"]
[BlackElo "2172"]
[WhiteCountry "NOR"]
[BlackCountry "URU"]
[Result "1/2-1/2"]

1. e4 e5 2. Nf3 Nc6 3. Bb5 a6 4. Ba4 Nf6 5. d3 d6 6. c3 Be7 7. Nbd2 O-O 
8. O-O Bd7 9. Re1 Re8 10. Nf1 Bf8 11. Ng3 g6 12. h3 Bg7 13. a3 b5 14. Bc2 Rb8 
15. d4 Bc8 16. Bd3 Bb7 17. d5 Ne7 18. a4 c6 19. dxc6 Bxc6 20. axb5 axb5 
21. b4 Ra8 22. Rxa8 Qxa8 23. Qb3 Qb7 24. Bb2 Rb8 25. Qc2 Nc8 26. Nd2 Nb6 
27. Nb3 Qc7 28. Na5 Bd7 29. Qd2 h5 30. Rd1 h4 31. Ne2 d5 32. exd5 e4 
33. Bb1 Nbxd5 34. Qg5 Bf5 35. Qxh4 Qb6 36. Nd4 Ne7 37. g4 Be6 38. Nxe6 Qxe6 
39. Qg3 Re8 40. Rd6 Qc8 41. Ba2 e3 42. f3 Nf5 43. gxf5 e2 44. Re6 gxf5 
45. Rxe8+ Qxe8 46. Qe1 Qe3+ 47. Kg2 Nh5 48. Bc1 Nf4+ 49. Kg3 Nh5+ 50. Kg2 Nf4+ 
51. Kg3 Bxc3 52. Bxe3 Bxe1+ 53. Bf2 Nh5+ 54. Kg2 Bxb4 55. Nc6 e1Q 56. Bxe1 Bxe1 
1/2-1/2

[Event "34th Chess Olympiad (men)"]
[Site "Istanbul"]
[Date "2000.11.02"]
[Round "6.39.1"]
[White "Gluckman, David"]
[Black "De La Riva Aguado, Oscar"]
[WhiteElo "2400"]
[BlackElo "2462"]
[WhiteCountry "RSA"]
[BlackCountry "AND"]
[Result "1/2-1/2"]

1. e4 c5 2. c4 Nc6 3. Nc3 g6 4. g3 Bg7 5. Bg2 d6 6. Nge2 e6 7. O-O Nge7 
8. d3 O-O 9. Rb1 Rb8 10. a3 b6 11. b4 Bb7 12. f4 Qd7 13. Be3 Nd4 14. Bf2 Ne2+ 
15. Ne2 f5 16. Qb3 Kh8 
1/2-1/2

[Event "34th Chess Olympiad (men)"]
[Site "Istanbul"]
[Date "2000.11.02"]
[Round "6.39.2"]
[White "Garcia, Raul"]
[Black "Solomon, Kenny"]
[WhiteElo "2318"]
[BlackElo "2267"]
[WhiteCountry "AND"]
[BlackCountry "RSA"]
[Result "1/2-1/2"]

1. d4 Nf6 2. Nf3 e6 3. Bg5 h6 4. Bh4 c5 5. e3 Nc6 6. Nbd2 d5 7. c3 cxd4 
8. exd4 Be7 9. Bd3 a6 10. O-O Nd7 11. Bg3 O-O 12. Ne5 Ndxe5 13. dxe5 f5 
14. exf6 Bxf6 15. Qb3 e5 16. Rad1 Na5 17. Qc2 Kh8 18. f3 Be6 19. Rfe1 Nc6 
20. Nb3 b6 21. Qe2 Qc8 22. Bf2 Bd8 23. c4 dxc4 24. Bxc4 Nb4 25. Bxe6 Qxe6 
26. Qe4 Be7 27. Nd4 Qxa2 28. Nf5 Bc5 29. Bxc5 bxc5 30. Qxe5 Qf7 31. Nxh6 Qg6 
32. Rd6 Rf6 33. Rxf6 gxf6 34. Qe4 Qxe4 35. Rxe4 Nd3 36. Re7 Nxb2 37. Ng4 Rf8 
38. Ra7 f5 39. Ne5 Rf6 40. f4 Kg8 41. Rc7 a5 42. Rxc5 Ra6 43. Rc3 a4 
44. Ra3 Rd6 45. Kf2 Rd2+ 46. Kf3 Rd5 47. h3 Rb5 48. Ke2 Rb4 49. g3 Rb3 
50. Rxb3 axb3 51. Kd2 Na4 52. Nd3 Kg7 53. g4 fxg4 54. hxg4 Kf6 55. Nf2 Nc5 
56. Nd1 Na4 57. Nc3 Nc5 58. Nd1 
1/2-1/2

[Event "34th Chess Olympiad (men)"]
[Site "Istanbul"]
[Date "2000.11.02"]
[Round "6.39.4"]
[White "Simonet, Marc"]
[Black "Solomon, Maxwell"]
[WhiteElo "2295"]
[BlackElo "2000"]
[WhiteCountry "AND"]
[BlackCountry "RSA"]
[Result "0-1"]

1. d4 e6 2. Nf3 Nf6 3. c4 d5 4. g3 Be7 5. Bg2 O-O 6. O-O c6 7. b3 Ne4 8. Bb2 f5 
9. Ne5 Nd7 10. Nd3 Qe8 11. f3 Nef6 12. Nd2 Qg6 13. e4 dxe4 14. Nf4 Qh6 
15. Qe2 Nh5 16. Nxh5 Qxh5 17. Rae1 Qh6 18. fxe4 Bb4 19. Rd1 Nf6 20. Bc1 Qg6 
21. e5 Nd7 22. d5 exd5 23. cxd5 Re8 24. dxc6 Bc5+ 25. Kh1 bxc6 26. Nc4 Qe6 
27. Bb2 Ba6 28. Rfe1 Nb6 29. Rc1 Rad8 30. Qf3 Bxc4 31. bxc4 Rd2 32. Qxc6 Qxc6 
33. Bxc6 Rxb2 
0-1

[Event "34th Chess Olympiad (men)"]
[Site "Istanbul"]
[Date "2000.11.02"]
[Round "6.40.2"]
[White "Elliott, Warren"]
[Black "Gurcan, Selim"]
[WhiteElo "2196"]
[BlackElo "2295"]
[WhiteCountry "JAM"]
[BlackCountry "TURA"]
[Result "0-1"]

1. e4 c5 2. Nf3 d6 3. d4 cxd4 4. Nxd4 Nf6 5. Nc3 e6 6. Be3 a6 7. Be2 Be7 
8. O-O O-O 9. a4 b6 10. f4 Bb7 11. Bf3 Qc7 12. Kh1 Nbd7 13. Nb3 Rac8 14. g4 d5 
15. exd5 Nxd5 16. Nxd5 Bxd5 17. Bxd5 exd5 18. Nd4 Rfe8 19. Qf3 Bf8 20. Rfe1 Re4 
21. c4 Rce8 22. cxd5 Nf6 23. Nc6 Nxd5 24. Ne5 Rxe3 25. Qxd5 Rd8 26. Qc6 Qxc6+ 
27. Nxc6 Rde8 28. Rxe3 Rxe3 29. Rd1 g6 30. Nb8 Re4 31. Rd8 Kg7 32. Nd7 Bd6 
33. f5 Rxg4 34. f6+ Kh6 35. Rh8 Rxa4 36. Nf8 Bxf8 37. Rxf8 Rb4 38. Rxf7 Rxb2 
39. Rb7 g5 40. f7 Kg7 41. f8Q+ Kxf8 42. Rxh7 a5 43. Ra7 Ke8 44. h3 Kd8 
45. Kg1 Kc8 46. Kf1 Kb8 47. Rg7 a4 48. Rg8+ Kb7 49. Rg7+ Ka6 
0-1

[Event "34th Chess Olympiad (men)"]
[Site "Istanbul"]
[Date "2000.11.02"]
[Round "6.40.3"]
[White "Karadeniz, Emre"]
[Black "Rowe, Duane"]
[WhiteElo "2278"]
[BlackElo "2000"]
[WhiteCountry "TURA"]
[BlackCountry "JAM"]
[Result "1-0"]

1. d4 Nf6 2. c4 Nc6 3. Nc3 e5 4. d5 Ne7 5. e4 Ng6 6. a3 Bc5 7. Be2 d6 8. h4 c6 
9. h5 Ne7 10. Nh3 h6 11. f4 cxd5 12. cxd5 O-O 13. f5 Bd4 14. Bd3 Bd7 15. g4 Nh7 
16. g5 hxg5 17. Nxg5 Qc7 18. Ne2 Bxb2 19. Nxh7 Bxa1 20. Nxf8 Bc3+ 21. Kf2 Kxf8 
22. h6 gxh6 23. Rxh6 Ng8 24. Rh8 Ke7 25. Qg1 Qb6+ 26. Be3 Bd4 27. Bxd4 exd4 
28. Qg5+ Nf6 29. Rh6 Rg8 30. Qxf6+ Kf8 31. Rh8 Bb5 32. Nf4 Bxd3 33. Ng6+ 
1-0